Morfosintaxis funcional del español : (Registro nro. 7999)

Detalles MARC
000 -LIDER
fixed length control field 01827nam a2200385 a 4500
001 - NÚMERO DE CONTROL
Identificador de número de control 000000406
003 - IDENTIFICACDOR DE NÚMERO DE CONTROL
control field DO-SdBNP
005 - DATE AND TIME OF LATEST TRANSACTION
control field 20210416073024.0
007 - CAMPOS FIJOS DE DESCRIPCIÓN FÍSICA
fixed length control field 000000406
008 - ELEMENTOS DE LONGITUD FIJA
fixed length control field 081028s2006 dr a 000 0 spa d
020 ## - ISBN
International Standard Book Number 8492243503
040 ## - FUENTE DE CATALOGACIÓN
Agencia que crea de manera original el registro BPMSU
Idioma de catalogación spa
Agencia que realiza la transcripción BPMSU
082 #4 - NÚMERO DE CLASIFICACIÓN DECIMAL DE DEWEY
Classification number 465
Item number G216m.2006
Edition number 22
100 1# - ASIENTO PRINCIPAL -- NOMBRE PERSONAL
Nombre personal García, Bartolo
245 10 - MENCIÓN DE TITULO
Título Morfosintaxis funcional del español :
Subtítulo teoría-análisis-producción /
Mención de responsabilidad Bartolo García, Rafael Núñez, Julio de los Santos.
250 ## - MENCIÓN DE EDICION
Mención de edición 6a ed.
260 ## - PUBLICACIÓN, DISTRIBUCIÓN, ETC. (PIE DE IMPRENTA)
Lugar de publicación, distribución, etc Santo Domingo :
Nombre del editor, distribuidor, etc. Surco ,
Fecha de publicación, distribución, etc 2006.
300 ## - DESCRIPCIÓN FÍSICA
Extensión 351 p. :
Otros detalles físicos il. ;
Dimensiones 23 cm.
505 0# - NOTA DE CONTENIDO
Título Prefacio --
-- Nota a la cuarta edición --
-- Capítulo introductorio --
-- Lingüística y visión de la lengua --
Información miscelánea Primera parte:
Título morfología --
-- Morfología y sintáxis y las demás disciplinas de la lingüística --
-- Categorías formales --
-- Relación significante-significado --
-- El morfema --
-- Morfología verbal --
Información miscelánea Segunda parte:
Título análisis de la oración simple --
-- La oración --
-- El sujeto --
-- El predicado --
-- Visión holística del análisis sintáctico --
Información miscelánea Tercera parte:
Título análisis de la oración compuesta --
-- Oraciones y proposiciones --
-- Proposiciones coordinadas --
-- Proposiciones subordinadas --
-- Índice de textos --
-- Bibliografía.
590 ## - NOTA LOCAL
Enlace Inventariado, 2021/VM
650 #4 - ENCABEZAMIENTO DE MATERIA--TEMÁTICO
Término temático o nombre geográfico como elemento de entrada Español
Subdivisión temática general Gramática
-- Estudios y enseñanza
650 #4 - ENCABEZAMIENTO DE MATERIA--TEMÁTICO
Término temático o nombre geográfico como elemento de entrada Español
Subdivisión temática general Composicioón y ejercicios
650 #4 - ENCABEZAMIENTO DE MATERIA--TEMÁTICO
Término temático o nombre geográfico como elemento de entrada Español
Subdivisión temática general Morfosintaxis
650 #4 - ENCABEZAMIENTO DE MATERIA--TEMÁTICO
Término temático o nombre geográfico como elemento de entrada Español
Subdivisión temática general Sintaxis
650 #4 - ENCABEZAMIENTO DE MATERIA--TEMÁTICO
Término temático o nombre geográfico como elemento de entrada Español
Subdivisión temática general Morfología
700 12 - ASIENTO SECUNDARIO -- NOMBRE PERSONAL
Nombre personal Núñez, Rafael
700 12 - ASIENTO SECUNDARIO -- NOMBRE PERSONAL
Nombre personal Santos, Julio de los
910 ## - VALIDACIÓN
Validación VMateo / Validado. Control de calidad BNPHU
930 #1 - EQUIVALENCE OR CROSS-REFERENCE-UNIFORM TITLE HEADING [LOCAL, CANADA]
Language of a work
Medium of performance for music
Medium
Field link and sequence number
Date of a work
Name of part/section of a work
Medium
930 #1 - EQUIVALENCE OR CROSS-REFERENCE-UNIFORM TITLE HEADING [LOCAL, CANADA]
Language of a work
Medium of performance for music
Medium
Field link and sequence number
Date of a work
Name of part/section of a work
Medium
942 ## - ADDED ENTRY ELEMENTS (KOHA)
Source of classification or shelving scheme Dewey Decimal Classification
Koha item type Libros
945 ## - INFORMACIÓN DE PROCESAMIENTO LOCAL
Información de procesamiento local
956 ## - LOCAL ELECTRONIC LOCATION AND ACCESS (OCLC)
Nombre de host
Número de acceso
Información de compresión
Inicio de sesión
Procesador de solicitud
956 ## - LOCAL ELECTRONIC LOCATION AND ACCESS (OCLC)
Nombre de host
Número de acceso
Información de compresión
Inicio de sesión
Procesador de solicitud
Existencias
Withdrawn status Lost status Source of classification or shelving scheme Damaged status Not for loan Collection code Home library Current library Date acquired Source of acquisition Total Checkouts Full call number Barcode Date last seen Price effective from Koha item type Copy number
    Dewey Decimal Classification     Colección Dominicana Biblioteca Pública Metropolitana Salomé Ureña Biblioteca Pública Metropolitana Salomé Ureña 07/22/2015 Donado   BPMSU CD 465 G216m 2006 BPMSU15070329 07/22/2015 07/22/2015 Libros  
    Dewey Decimal Classification     Colección Dominicana Biblioteca Pública Metropolitana Salomé Ureña Biblioteca Pública Metropolitana Salomé Ureña 07/22/2015 Donado   BPMSU CD 465 G216m 2006 BPMSU15070330 07/22/2015 07/22/2015 Libros e. 2
    Dewey Decimal Classification     Colección Dominicana Biblioteca Pública Metropolitana Salomé Ureña Biblioteca Pública Metropolitana Salomé Ureña 07/22/2015 Donación   BPMSU CD 465 G216m 2006 BPMSU15070331 07/22/2015 07/22/2015 Libros e. 3